IFM Opac

Improving Leadershid Performance (Record no. 13663)

MARC details
000 -LEADER
fixed length control field 00422nam a22001577a 4500
020 ## - INTERNATIONAL STANDARD BOOK NUMBER
International Standard Book Number 0134526732
082 ## - DEWEY DECIMAL CLASSIFICATION NUMBER
Classification number 658.4092 WRI
100 ## - MAIN ENTRY--PERSONAL NAME
Personal name Wright P. L.
9 (RLIN) 7003
245 ## - TITLE STATEMENT
Title Improving Leadershid Performance
260 ## - PUBLICATION, DISTRIBUTION, ETC.
Place of publication, distribution, etc. LONDON
Name of publisher, distributor, etc. PRENTICE INTERNATIONAL, INC
Date of publication, distribution, etc. 1984
300 ## - PHYSICAL DESCRIPTION
Extent xii,157p.
Other physical details :ill.;23cm.
500 ## - GENERAL NOTE
General note Includes index
650 ## - SUBJECT ADDED ENTRY--TOPICAL TERM
Topical term or geographic name entry element Leadership Perfomance
9 (RLIN) 7004
700 ## - ADDED ENTRY--PERSONAL NAME
Personal name Taylor,D.S.
9 (RLIN) 7005
942 ## - ADDED ENTRY ELEMENTS (KOHA)
Koha item type Books
Holdings
Withdrawn status Lost status Damaged status Not for loan Collection code Home library Current library Shelving location Date acquired Total Checkouts Full call number Barcode Date last seen Price effective from Koha item type
        Non-fiction IFM Main Campus Library IFM Main Campus Library Archival Collection 09/22/2021   658.4092 WRI 0000004986 11/09/2015 02/19/2022 Books